000
00207 a2200097 4500
001
27574
100
_a
Casasent, D
245
_a
Digital electronics
260
_a
_b
quantum pub
_c
1974
090
_c
18361
_d
18361
942
_a
NUST-CAE
_c
M
_c
9293
999
_c
262647
_d
262647